Responses for Show #4384 - Thursday, October 2, 2003

Game data retrieved from an alternate archive.

Contestants

[<< previous game]

Sara Wilska, a contracts manager from Vienna, Virginia

Tom Massimo, an equity trader from New York, New York

Elisabeth Corkran, a human resources coordinator from Atlanta, Georgia (whose 1-day cash winnings total $14,600)

[next game >>]

Jeopardy! Round responses

THEIR FIRST NOVELS
LET'S GO BOWLING
AMERICAN FOOD
WAYNE MAN
PIRATES
"ARG"
    $200 11
Anne Rice

Elisabeth
    $200 23
a turkey

Tom
    $200 18
a corndog

Tom
    $200 16
Mickey Mouse

Tom
    $200 6
Taiwan

Tom
    $200 1
cargo

Elisabeth
    $400 12
Joseph Heller

Tom
    $2,000 24
the 5 & the 10

Tom
    $400 19
salmon

Tom
    $400 17
Wayne Newton

Elisabeth
    $400 7
plunder

Triple Stumper
    $400 2
margarine

Sara
    $600 13
William Golding

Tom
    $600 25
900

Tom
    $600 20
cacti

Tom
    $600 28
Little Richard

Elisabeth
    $600 8
(Tom: What is a dagger?)
(Elisabeth: What is a sword?)
(Alex: Be more specific.)
(Elisabeth: [Smiles])
(Alex: No?)
(Elisabeth: [Shakes head])

cutlass

ElisabethTom
Triple Stumper
    $600 3
charge

Tom
    $800 14
Larry McMurtry

Triple Stumper
    $800 26
cosmic bowling

Elisabeth
    $800 21
blackberries

Triple Stumper
    $800 29
a filibuster

Tom
    $800 9
Captain Kidd

Tom
    $800 4
Fargo

Elisabeth
    $1000 15
James Clavell

Triple Stumper
    $1000 27
Brooklyn

Triple Stumper
    $1000 22
(Tom: What is an oyster?)

crabs

TomSara
    $1000 30
Mad Anthony Wayne

Tom
    $1000 10
Verrazzano

Tom
    $1000 5
jargon

Tom

Scores at the first commercial break (after clue 15):

Elisabeth Tom Sara
$600 $4,000 $400

Scores at the end of the Jeopardy! Round:

Elisabeth Tom Sara
$2,400 $9,000 $1,400

Double Jeopardy! Round responses

SCIENTIFIC PREFIXES
FILM SHORTS
THE BUSINESS OF AMERICA
MICRO-NATIONS
DON'T BE CONFUSED
BEFORE & AFTER
    $400 25
the middle

Tom
    $400 12
(Tom: What is "The Waterfront"?)

On the Waterfront

TomSara
    $400 6
an airport

Sara
    $400 1
Vatican City

Tom
    $400 11
Cochise

Triple Stumper
    $400 17
"The Man of Steel Wool"

Elisabeth
    $800 26
a star

Elisabeth
    $800 13
the Sioux

Tom
    $800 7
teletype

Sara
    $800 2
Andorra

Tom
    $800 22
Tippi Hedren

Elisabeth
    $800 18
Jude Law & Order

Tom
    $1200 27
1 million

Triple Stumper
    $1200 14
Laurence Olivier

Elisabeth
    $2,000 8
IBM

Sara
    $1200 3
Grenada

Tom
    $1200 23
Pompey

Tom
    $1200 19
(Sara: What is "Candle In The Wind Of The Willows"?)

"Candle In The Wind In The Willows"

Sara
Triple Stumper
    $1600 28
holography

Triple Stumper
    $1600 15
Billy Wilder

Triple Stumper
    $1600 9
Maine

Sara
    $2,000 4
San Marino

Tom
    $1600 24
Lily Pons

Triple Stumper
    $1600 20
Ben E. King Farouk

Triple Stumper
    $2000 30
gold

Triple Stumper
    $2000 16
Bette Davis

Triple Stumper
    $2000 10
Clear Channel

Sara
    $2000 5
Malta

Triple Stumper
    $2000 29
John Cheever

Tom
    $2000 21
Don Cornelius Vanderbilt

Tom

Scores at the end of the Double Jeopardy! Round:

Elisabeth Tom Sara
$5,600 $20,200 $7,400
(lock game)

[wagering suggestions for these scores]

Final Jeopardy! Round responses

U.S. VICE PRESIDENTS
ElisabethWho is ?
$3,600
SaraWho is ?
$2,900
TomWho is Richard Nixo Nixon
$3,000
Richard Nixon

Final scores:

Elisabeth Tom Sara
$2,000 $23,200 $4,500
3rd place: $1,000 New champion: $23,200 2nd place: $2,000

Game dynamics:

Coryat scores:

Elisabeth Tom Sara
$5,600 $18,200 $6,600
10 R,
1 W
26 R
(including 2 DDs),
3 W
8 R
(including 1 DD),
1 W

Combined Coryat: $30,400

[game clues] [game scores] [suggest correction]

Game tape date: 2003-07-29
The J! Archive is created by fans, for fans. Scraping, republication, monetization, and malicious use prohibited; this site may use cookies and collect identifying information. See terms. The Jeopardy! game show and all elements thereof, including but not limited to copyright and trademark thereto, are the property of Jeopardy Productions, Inc. and are protected under law. This website is not affiliated with, sponsored by, or operated by Jeopardy Productions, Inc. Join the discussion at JBoard.tv.